500 PERSONAJES MITOLOGIA GRIEGA - Estadísticas

Estadísticas generales
  • Esta prueba ha sido intentada 580 veces
    569 desde el último reinicio
  • La puntuación promedio es 73 de 499
Estadísticas de respuestas
Respuesta % Correcto
ZEUS
97%
POSEIDON
92%
AFRODITA
88%
HADES
87%
ARES
86%
HERA
86%
ATE
83%
APOLO
82%
ATENEA
79%
CRONO
79%
HERMES
75%
ARTEMISA
74%
PERSEFONE
71%
HEFESTO
70%
AQUILES
69%
MEDUSA
69%
HERACLES
68%
DEMETER
66%
DIONISIO
65%
GEA
61%
HESTIA
61%
URANO
61%
PERSEO
60%
HELE
59%
EROS
58%
MINOTAURO
58%
PAN
57%
PARIS
57%
CERBERO
56%
HELENA
55%
REA
55%
ODISEO
51%
TESEO
50%
HECTOR
49%
ATLAS
48%
HELIOS
48%
PEGASO
46%
PROMETEO
45%
PENELOPE
44%
CIRCE
43%
ICARO
43%
JASON
43%
AGAMENON
42%
CRONOS
41%
ERIS
41%
TETIS
41%
TRITON
41%
EURO
40%
PANDORA
40%
DEDALO
39%
EUROPA
39%
MINOS
39%
NARCISO
38%
SELENE
38%
ORFEO
37%
PATROCLO
37%
CALIPSO
36%
EDIPO
36%
HIDRA
36%
MENELAO
35%
NIX
35%
HEBE
34%
MIDAS
34%
QUIRON
34%
ADONIS
33%
NIKE
33%
OCEANO
33%
TANATOS
33%
ANDROMEDA
32%
ARIADNA
32%
CARONTE
32%
DAFNE
32%
ENEAS
32%
CAOS
31%
IRIS
31%
MEDEA
31%
TELEMACO
31%
EURIDICE
30%
PRIAMO
30%
CASANDRA
29%
HECATE
29%
NEMESIS
29%
PRIAPO
29%
PSIQUE
29%
ASCLEPIO
28%
ORION
28%
EACO
27%
ELECTRA
27%
TARTARO
27%
ARACNE
26%
FOBOS
26%
MEGARA
26%
ARGOS
25%
CALIOPE
25%
CASTOR
25%
HERMAFRODITO
25%
MORFEO
25%
POLIFEMO
25%
AYAX
24%
ECO
24%
ESCILA
24%
LETO
24%
POLUX
24%
DEIMOS
23%
EOS
23%
HIPNOS
23%
IO
23%
SISIFO
23%
CLIO
22%
ESFINGE
22%
TIFON
22%
GANIMEDES
21%
METIS
21%
NESTOR
21%
PELEO
21%
QUIMERA
21%
SIRENAS
21%
ATALANTA
20%
CARIBDIS
20%
EOLO
20%
HIPOLITA
20%
ANFITRITE
19%
BELEROFONTE
19%
CRATOS
19%
DIOMEDES
19%
TALIA
19%
YOCASTA
19%
HIPERION
18%
JAPETO
18%
TANTALO
18%
TEMIS
18%
ANFITRION
17%
CALISTO
17%
CLOTO
17%
ESTIGIA
17%
LEON DE NEMEA
17%
MAYA
17%
MNEMOSINE
17%
ANTIGONA
16%
CRIO
16%
DANAE
16%
EGEO
16%
EPIMETEO
16%
EREBO
16%
PALAS
16%
PIRRA
16%
PLUTO
16%
TEA
16%
ALCMENA
15%
CASIOPEA
15%
CEO
15%
DEUCALION
15%
ETER
15%
JACINTO
15%
PITON
15%
YOLAO
15%
ATROPOS
14%
BOREAS
14%
EQUIDNA
14%
FEBE
14%
HARMONIA
14%
HECUBA
14%
LAQUESIS
14%
NEREO
14%
PASIFAE
14%
SEMELE
14%
TIQUE
14%
URANIA
14%
ANDROMACA
13%
CLITEMNESTRA
13%
EUTERPE
13%
GALATEA
13%
HEMERA
13%
TERPSICORE
13%
TIRESIAS
13%
BRISEIDA
12%
CEFIRO
12%
ERATO
12%
FILOCTETES
12%
HESPERIDES
12%
IRENE
12%
PONTO
12%
ALECTO
11%
ASTERIA
11%
CADMO
11%
HIPOLITO
11%
IFIGENIA
11%
LEDA
11%
MELPOMENE
11%
ORESTES
11%
POLIMNIA
11%
ACTEON
10%
FAETON
10%
ILITIA
10%
ANQUISES
9%
CETO
9%
CLIMENE
9%
DIDO
9%
EURISTEO
9%
NIOBE
9%
UNICORNIO
9%
ZAGREO
9%
AMALTEA
8%
AUGIAS
8%
BIA
8%
DIONE
8%
ESTENO
8%
FEDRA
8%
GERION
8%
IFICLES
8%
LADON
8%
MIRRA
8%
NOTO
8%
PIRITO
8%
RADAMANTIS
8%
ABDERO
7%
ADMETO
7%
ANTEROS
7%
ANTIOPE
7%
ASTREO
7%
EURIALE
7%
HERMIONE
7%
LAMIA
7%
LAYO
7%
MEGERA
7%
MOROS
7%
OTO
7%
PELOPE
7%
PERSES
7%
PROTEO
7%
QUIONE
7%
TALO
7%
TISIFONE
7%
ACLIS
6%
ACRISIO
6%
AGLAYA
6%
ALCIONE
6%
APATE
6%
ARION
6%
ATREO
6%
AURA
6%
CREUSA
6%
CRISAOR
6%
EETES
6%
EFIALTES
6%
ENIO
6%
EURIBIA
6%
EURINOME
6%
FORCIS
6%
FRIXO
6%
GERAS
6%
KER
6%
LAERTES
6%
LAOCOONTE
6%
LICAON
6%
MELINOE
6%
MENECIO
6%
MEROPE
6%
MOMO
6%
NESO
6%
OFIOTAURO
6%
PELIAS
6%
PIGMALION
6%
RODO
6%
SILENO
6%
SOFIA
6%
AELO
5%
AGRIO
5%
ANANKE
5%
AQUERONTE
5%
ARCE
5%
ARETUSA
5%
ARISTEO
5%
ATIS
5%
BRIAREO
5%
DORIS
5%
EUNOMIA
5%
EURITO
5%
FANES
5%
FILOTES
5%
GLAUCO
5%
HIGIA
5%
HIMERO
5%
IASION
5%
IFITO
5%
INO
5%
IXION
5%
LETE
5%
LISA
5%
MACARIA
5%
MELEAGRO
5%
MELISA
5%
PEITO
5%
PENTESILEA
5%
PLEYONE
5%
TAUMANTE
5%
TITONO
5%
AGAVE
4%
ALCESTIS
4%
ALECTRION
4%
ALFEO
4%
ANGELIA
4%
AQUELOO
4%
AUTOLICO
4%
BENTESICIME
4%
CACO
4%
CALIRROE
4%
CARME
4%
CEFEO
4%
CEIX
4%
CIMOPOLEA
4%
CLORIS
4%
CORONIS
4%
DAFNIS
4%
DESPENA
4%
DEYANIRA
4%
DICE
4%
DINO
4%
EGISTO
4%
ELPIS
4%
ENDIMION
4%
ERICTONIO
4%
ESTEROPE
4%
ETNA
4%
EUFROSINE
4%
FEME
4%
HIMENEO
4%
KAIROS
4%
LELANTO
4%
MENTE
4%
METE
4%
NEOPTOLEMO
4%
ORTRO
4%
OUREA
4%
PENTEO
4%
PITIA
4%
POLIDECTES
4%
POLIXENA
4%
PORFIRION
4%
POROS
4%
POTO
4%
TAIGETE
4%
TALASA
4%
TALOS
4%
TICIO
4%
YASO
4%
ACESO
3%
AGLAURO
3%
AIDOS
3%
ALALA
3%
ALCIPE
3%
AMIMONE
3%
ANAXARETA
3%
ANFIARAO
3%
ANGELOS
3%
ANTEO
3%
ARETE
3%
ASCALAFO
3%
ATAMANTE
3%
AUTONOE
3%
AUXO
3%
BOLINA
3%
BRITOMARTIS
3%
BRIZO
3%
CARPO
3%
CELENO
3%
CIPARISO
3%
CLITIA
3%
COCITO
3%
CURETES
3%
DEMOFONTE
3%
DICTIS
3%
DISNOMIA
3%
DOLOS
3%
EGLE
3%
EMPUSA
3%
ESCAMANDRO
3%
FANTASO
3%
FLEGETONTE
3%
FOBETOR
3%
FOLO
3%
GRIFOS
3%
HERSE
3%
HESPERIS
3%
HESPERO
3%
HIBRIS
3%
HIDROS
3%
HILO
3%
HIPODAMIA
3%
LEUCE
3%
LEUCOTEA
3%
LIMOS
3%
MACAS
3%
MARSIAS
3%
NEFELE
3%
OCIPETE
3%
OFION
3%
ONFALE
3%
PANACEA
3%
PANDIA
3%
PANDROSO
3%
PASITEA
3%
PENFREDO
3%
PENIA
3%
PERIBEA
3%
PISTIS
3%
PITIS
3%
PROCUSTO
3%
SIRINGA
3%
TAMIRIS
3%
TELQUINES
3%
THESIS
3%
TOOSA
3%
TROS
3%
YALEMO
3%
YOQUE
3%
ZELOS
3%
ADEFAGIA
2%
ADICIA
2%
ADRASTEA
2%
AFAYA
2%
ALETHEIA
2%
ANAIDEIA
2%
ANDROCTASIAS
2%
ANFILOGIAS
2%
CALIGO
2%
CECROPE
2%
CERCOPES
2%
DACTILOS
2%
DANAIDES
2%
ENONE
2%
ENOPION
2%
EOSFORO
2%
EPIFRON
2%
EUMOLPO
2%
EURINOMO
2%
EZIS
2%
FILAMON
2%
FILEMON Y BAUCIS
2%
FILOFROSINE
2%
FILOMELO
2%
FILONOE
2%
GALANTIS
2%
GALENE
2%
GELOS
2%
HALIA
2%
HEDILOGOS
2%
HEDONE
2%
HIPOCAMPOS
2%
HORCOS
2%
IOLE
2%
KAKIA
2%
LAMPADES
2%
LAMPETIA
2%
LAOMEDONTE
2%
LEARCO
2%
LEUCOTOE
2%
MELANIPA
2%
MIRMEX
2%
NEIKEA
2%
NERITES
2%
NESOI
2%
NINFEA
2%
ORITIA
2%
PALAESTRA
2%
PANOPEA
2%
PENTOS
2%
PIERIDES
2%
PODARGE
2%
POLEMOS
2%
PROTESILAO
2%
PSAMATE
2%
PSEUDOLOGOS
2%
QUELONA
2%
SALMACIDE
2%
SIPRETES
2%
SOFROSINE
2%
SOTERIA
2%
TELESFORO
2%
TIESTES
2%
TMOLO
2%
TRIPTOLEMO
2%
TRITEIA
2%
AMPELO
1%
ELARA
1%
ELEOS
1%
ENIALIO
1%
EOLICE
1%
EPIONE
1%
EUTALICO
1%
FILIRA
1%
FLEGIAS
1%
HIRPACE
1%
HISMINAS
1%
IINGE
1%
MELICERTES
1%
MENETES
1%
NICTIMENA
1%
PROSIMNO
1%
No se encontraron pruebas coincidentes
Distribución de puntuación
Porcentaje de gente con cada puntuación
Porcentaje por número respondido
Historial de tus puntuaciones
No has intentado esta prueba desde el último reinicio